[Event "POL-ch Academic (Women)"]
[Site "Chorzow"]
[Date "2022.04.01"]
[Round "4"]
[White "Marczuk, Anna"]
[Black "Kiolbasa, Oliwia"]
[Result "0-1"]
[WhiteElo "1802"]
[BlackElo "2243"]
[PlyCount "152"]
[EventDate "2022.04.01"]
[EventType "swiss (rapid)"]
[EventRounds "9"]
[EventCountry "POL"]
[SourceTitle "EXT 2024"]
[Source "ChessBase"]
[SourceDate "2023.10.10"]
[SourceVersion "1"]
[SourceVersionDate "2023.10.10"]
[SourceQuality "1"]

1. e4 e5 2. Nf3 Nc6 3. Bc4 Bc5 4. 0-0 Nf6 5. d3 0-0 6. Re1 d6 7. c3 a5 8. Bb3 Be6 9. Nbd2 Qb8 10. Nf1 Qa7 11. Be3 a4 12. Bc2 Bxe3 13. Nxe3 Rfe8 14. Nh4 d5 15. Nhf5 Rad8 16. Qf3 a3 17. b3 Qc5 18. c4 dxe4 19. dxe4 Rd2 20. Rad1 Red8 21. Rxd2 Rxd2 22. Rd1 Rxd1+ 23. Qxd1 Nd4 24. Nxd4 exd4 25. Nd5 Ng4 26. h3 Ne5 27. Nf4 Bd7 28. Nd3 Nxd3 29. Qxd3 g6 30. Qd2 b5 31. Bd3 bxc4 32. Bxc4 Be6 33. Bd3 Kg7 34. Kf1 Qd6 35. Kg1 c5 36. Qc2 Qb6 37. Kf1 h5 38. Ke2 Qd6 39. Qc1 Qe5 40. Qxa3 f5 41. f3 fxe4 42. Bxe4 Qg5 43. Qa7+ Kh6 44. Qa6 Qxg2+ 45. Kd1 Qxh3 46. Qd6 Bf5 47. Qf8+ Kg5 48. Qe7+ Kf4 49. Qd6+ Ke3 50. Qxc5 Qf1+ 51. Kc2 Bxe4+ 52. fxe4 Qd3+ 53. Kb2 Qxe4 54. a4 h4 55. Qg5+ Kd3 56. a5 h3 57. Qg3+ Qe3 58. Qxg6+ Kd2 59. Qc2+ Ke1 60. Qb1+ Kf2 61. Qf5+ Ke2 62. Qh5+ Kf1 63. Ka3 Qe7+ 64. Ka4 Qd7+ 65. Ka3 Qd6+ 66. Ka4 h2 67. Qf3+ Kg1 68. Qd1+ Kg2 69. Qe2+ Kh3 70. Qh5+ Kg3 71. Qg5+ Kf3 72. Qh5+ Ke3 73. Qh3+ Kd2 74. Qg2+ Kc3 75. Qh3+ d3 76. Qh8+ Qd4+ 0-1

[Event "POL-chT U20 1st League"]
[Site "Szczyrk"]
[Date "2017.07.28"]
[Round "7.29"]
[White "Szelag, Zuzanna"]
[Black "Marczuk, Anna"]
[Result "1-0"]
[WhiteElo "1753"]
[BlackElo "1967"]
[PlyCount "89"]
[EventDate "2017.07.22"]
[EventType "team-tourn"]
[EventRounds "9"]
[EventCountry "POL"]
[SourceTitle "EXT 2019"]
[Source "ChessBase"]
[SourceDate "2018.10.10"]
[SourceVersion "1"]
[SourceVersionDate "2018.10.10"]
[SourceQuality "1"]

1. e4 c5 2. Nf3 Nc6 3. d4 cxd4 4. Nxd4 Nf6 5. Nc3 e5 6. Ndb5 d6 7. Bg5 a6 8. Na3 b5 9. Nd5 Be7 10. Bxf6 Bxf6 11. c3 Bg5 12. Nc2 Rb8 13. Nce3 0-0 14. Qc2 a5 15. b3 Be6 16. Be2 Qd7 17. 0-0 b4 18. Bc4 Rfc8 19. Ba6 Rf8 20. Bc4 Kh8 21. Rad1 g6 22. cxb4 axb4 23. Rfe1 Nd4 24. Qd3 f5 25. exf5 Nxf5 26. Qe4 Nd4 27. f4 Bf5 28. Nxf5 gxf5 29. Qd3 Bh4 30. Re3 Nc6 31. Qe2 Bd8 32. Bb5 Qb7 33. Bxc6 Qxc6 34. fxe5 dxe5 35. Rxe5 Bb6+ 36. Kh1 Bc5 37. Re6 Qb7 38. Nf6 Rbc8 39. Rd7 Rc7 40. Qe5 Rxd7 41. Nxd7+ Kg8 42. Nxc5 Qb5 43. h3 Rc8 44. Re7 Qf1+ 45. Kh2 1-0

[Event "Marianske Lazne op 16th"]
[Site "Marianske Lazne"]
[Date "2017.01.24"]
[Round "5"]
[White "Czopor, Maciej"]
[Black "Marczuk, Anna"]
[Result "1-0"]
[WhiteElo "2075"]
[BlackElo "1907"]
[PlyCount "71"]
[EventDate "2017.01.21"]
[EventType "swiss"]
[EventRounds "9"]
[EventCountry "CZE"]
[SourceTitle "CBM 176 Extra"]
[Source "ChessBase"]
[SourceDate "2017.03.02"]
[SourceVersion "1"]
[SourceVersionDate "2017.03.02"]
[SourceQuality "1"]

1. e4 c5 2. Nf3 d6 3. d4 cxd4 4. Nxd4 Nf6 5. Nc3 a6 6. Nb3 Nbd7 7. Be3 b5 8. a4 b4 9. Nd5 a5 10. Bb5 Nxd5 11. Qxd5 Rb8 12. 0-0-0 e6 13. Qh5 e5 14. f4 Rxb5 15. axb5 a4 16. Nd2 Be7 17. Nc4 Qc7 18. Qe2 0-0 19. fxe5 Nxe5 20. Nxe5 dxe5 21. Kb1 Be6 22. b6 Qc6 23. Qd3 Kh8 24. Rd2 Ra8 25. Rc1 a3 26. b3 f5 27. c4 fxe4 28. Qe2 Kg8 29. Ka2 h6 30. g4 Bc5 31. Bxc5 Qxc5 32. Qxe4 Rf8 33. b7 Qc7 34. Re1 Bf7 35. h4 Rb8 36. Red1 1-0

[Event "Marianske Lazne op 16th"]
[Site "Marianske Lazne"]
[Date "2017.01.24"]
[Round "4"]
[White "Marczuk, Anna"]
[Black "Schneider, Alexander1111"]
[Result "1/2-1/2"]
[WhiteElo "1907"]
[BlackElo "2056"]
[PlyCount "50"]
[EventDate "2017.01.21"]
[EventType "swiss"]
[EventRounds "9"]
[EventCountry "CZE"]
[SourceTitle "CBM 176 Extra"]
[Source "ChessBase"]
[SourceDate "2017.03.02"]
[SourceVersion "1"]
[SourceVersionDate "2017.03.02"]
[SourceQuality "1"]

1. e4 c6 2. d4 d5 3. Nc3 dxe4 4. Nxe4 Bf5 5. Ng3 Bg6 6. Nh3 e6 7. Nf4 Bd6 8. h4 Qc7 9. Nxg6 hxg6 10. Ne4 Be7 11. g3 Nf6 12. Ng5 Nbd7 13. Bg2 Nh7 14. Nxh7 Rxh7 15. h5 g5 16. Qd3 Rh8 17. Bd2 0-0-0 18. 0-0-0 Nf6 19. Bxg5 Qa5 20. Bxf6 Bxf6 21. Qc4 Kc7 22. c3 Rxh5 23. Rxh5 Qxh5 24. Qd3 Qa5 25. Kb1 Rh8 1/2-1/2

[Event "Krakow op-A 27th"]
[Site "Krakow"]
[Date "2016.12.27"]
[Round "1"]
[White "Selbes, Tarik"]
[Black "Marczuk, Anna"]
[Result "1-0"]
[WhiteElo "2257"]
[BlackElo "1907"]
[PlyCount "51"]
[EventDate "2016.12.27"]
[EventType "swiss"]
[EventRounds "9"]
[EventCountry "POL"]
[SourceTitle "CBM 176 Extra"]
[Source "ChessBase"]
[SourceDate "2017.03.02"]
[SourceVersion "1"]
[SourceVersionDate "2017.03.02"]
[SourceQuality "1"]

1. e4 c5 2. Nf3 d6 3. d4 cxd4 4. Nxd4 Nf6 5. Nc3 a6 6. Qf3 e6 7. g4 h6 8. h4 Nfd7 9. Be3 Be7 10. Qg3 Qc7 11. 0-0-0 b5 12. Bxb5 axb5 13. Ndxb5 Qa5 14. Nxd6+ Bxd6 15. Rxd6 Ra6 16. Rhd1 Rxd6 17. Qxd6 Qe5 18. Bf4 Qxd6 19. Bxd6 Nc6 20. Nb5 f6 21. Ba3 Rg8 22. Rd6 Ndb8 23. Rd3 Kf7 24. h5 Rd8 25. Rxd8 Nxd8 26. Nd6+ 1-0

[Event "POL-chT U20"]
[Site "Suchedniow"]
[Date "2016.07.30"]
[Round "8.2"]
[White "Dmochowska, Agnieszka"]
[Black "Marczuk, Anna"]
[Result "1/2-1/2"]
[WhiteElo "2059"]
[BlackElo "1931"]
[PlyCount "120"]
[EventDate "2016.07.23"]
[EventType "team-tourn"]
[EventRounds "9"]
[EventCountry "POL"]
[SourceTitle "EXT 2019"]
[Source "ChessBase"]
[SourceDate "2018.10.10"]
[SourceVersion "1"]
[SourceVersionDate "2018.10.10"]
[SourceQuality "1"]

1. e4 c5 2. Nf3 d6 3. d4 cxd4 4. Nxd4 Nf6 5. Nc3 a6 6. Be3 e5 7. Nb3 Be7 8. Bc4 0-0 9. 0-0 Be6 10. Bd5 Bxd5 11. Nxd5 Nxd5 12. Qxd5 Nc6 13. c3 Qc8 14. Rfd1 Qe6 15. Rd3 Rfc8 16. a4 Qxd5 17. Rxd5 g6 18. f3 f5 19. g3 Kf7 20. a5 Ke6 21. Rad1 Nd8 22. R1d3 Nf7 23. Nd2 Rc6 24. b3 Rac8 25. Nc4 R8c7 26. Kf1 h6 27. Ke2 Rc8 28. Rd1 Rg8 29. R5d3 Rf8 30. Nb6 Bg5 31. Bg1 Bd8 32. Nc4 Be7 33. h4 h5 34. Ne3 fxe4 35. fxe4 Nh6 36. Nd5 Bd8 37. Bb6 Bxb6 38. Nxb6 Ng4 39. Rf1 Rxf1 40. Kxf1 Nf6 41. Re3 Ng4 42. Rd3 Nf6 43. Re3 d5 44. exd5+ Nxd5 45. Nxd5 Kxd5 46. Rd3+ Ke6 47. Ke2 Rc5 48. b4 Rc4 49. Kd2 Rg4 50. Rf3 g5 51. hxg5 Rxg5 52. Ke2 Rg4 53. Kf2 Rc4 54. Ke2 e4 55. Rf4 Rxc3 56. Rxe4+ Kd5 57. Rh4 Rxg3 58. Rxh5+ Kc6 59. Rh6+ Kc7 60. Rb6 Rc3 1/2-1/2

[Event "POL-chT U20"]
[Site "Suchedniow"]
[Date "2016.07.29"]
[Round "7.2"]
[White "Marczuk, Anna"]
[Black "Pultorak, Jan"]
[Result "0-1"]
[WhiteElo "1931"]
[BlackElo "2296"]
[PlyCount "82"]
[EventDate "2016.07.23"]
[EventType "team-tourn"]
[EventRounds "9"]
[EventCountry "POL"]
[SourceTitle "EXT 2019"]
[Source "ChessBase"]
[SourceDate "2018.10.10"]
[SourceVersion "1"]
[SourceVersionDate "2018.10.10"]
[SourceQuality "1"]

1. e4 d5 2. exd5 Qxd5 3. Nc3 Qd6 4. d4 c6 5. Bc4 Bf5 6. Nge2 e6 7. Bf4 Qb4 8. Bb3 Nf6 9. Ng3 Bg6 10. a3 Qb6 11. Be3 Qc7 12. 0-0 Nbd7 13. Nce2 Rd8 14. Qe1 Bd6 15. Qc1 Ne4 16. Bf4 Ndf6 17. Rd1 Nxg3 18. Bxg3 Bxg3 19. hxg3 0-0 20. Nf4 Bf5 21. c4 e5 22. dxe5 Qxe5 23. Re1 Qd4 24. Rd1 Qc5 25. Qc3 Ne4 26. Qf3 Rd2 27. Rxd2 Nxd2 28. Qc3 Ne4 29. Qf3 Qb6 30. Rd1 Nc5 31. Ba2 Qxb2 32. Qe2 Qxa3 33. Bb1 Bxb1 34. Rxb1 Qc3 35. Re1 Qf6 36. Qe3 b6 37. Qa3 a5 38. Rb1 Qd4 39. Qa2 Ne4 40. Qb2 Qxb2 41. Rxb2 Rb8 0-1

[Event "POL-chT U20"]
[Site "Suchedniow"]
[Date "2016.07.27"]
[Round "5.2"]
[White "Marczuk, Anna"]
[Black "Gazik, Viktor"]
[Result "0-1"]
[WhiteElo "1931"]
[BlackElo "2436"]
[PlyCount "90"]
[EventDate "2016.07.23"]
[EventType "team-tourn"]
[EventRounds "9"]
[EventCountry "POL"]
[SourceTitle "EXT 2019"]
[Source "ChessBase"]
[SourceDate "2018.10.10"]
[SourceVersion "1"]
[SourceVersionDate "2018.10.10"]
[SourceQuality "1"]

1. e4 Nf6 2. e5 Nd5 3. d4 Nb6 4. Nf3 d5 5. exd6 exd6 6. h3 Nc6 7. c3 Bf5 8. Be2 Be7 9. Nbd2 0-0 10. Nf1 Bg6 11. Ng3 Bh4 12. Nxh4 Qxh4 13. 0-0 a5 14. a4 Rae8 15. Bd3 Ne7 16. Bxg6 hxg6 17. Qg4 Qxg4 18. hxg4 Ned5 19. g5 Re6 20. Bd2 Nc4 21. Bc1 Ncb6 22. Bd2 c5 23. dxc5 dxc5 24. Rfc1 Nc4 25. Nf1 Re2 26. Be3 Ndxe3 27. Nxe3 Nxe3 28. fxe3 Re8 29. b4 cxb4 30. cxb4 axb4 31. Rab1 Re4 32. Rc7 Rg4 33. Rxb7 Rgxg2+ 34. Kh1 Rxg5 35. R1xb4 Rxe3 36. Kh2 Re2+ 37. Kh3 Re1 38. Kh2 Re8 39. Ra7 Rh5+ 40. Kg2 Rg5+ 41. Kh2 Rf5 42. a5 g5 43. a6 Re3 44. Rb2 Ra3 45. Ra8+ Kh7 0-1

[Event "POL-chT U20"]
[Site "Suchedniow"]
[Date "2016.07.24"]
[Round "2.2"]
[White "Kowalski, Igor"]
[Black "Marczuk, Anna"]
[Result "1/2-1/2"]
[WhiteElo "2131"]
[BlackElo "1931"]
[PlyCount "95"]
[EventDate "2016.07.23"]
[EventType "team-tourn"]
[EventRounds "9"]
[EventCountry "POL"]
[SourceTitle "EXT 2019"]
[Source "ChessBase"]
[SourceDate "2018.10.10"]
[SourceVersion "1"]
[SourceVersionDate "2018.10.10"]
[SourceQuality "1"]

1. e4 c5 2. Nf3 d6 3. d4 cxd4 4. Nxd4 Nf6 5. Nc3 a6 6. g3 e5 7. Nb3 Be7 8. Bg2 Bg4 9. Qd3 Nc6 10. Be3 0-0 11. 0-0 Rc8 12. Qd2 Be6 13. Nd5 Bxd5 14. exd5 Nb8 15. h3 Nbd7 16. Rac1 Nb6 17. Na5 Nc4 18. Nxc4 Rxc4 19. b3 Rc8 20. g4 Nd7 21. c4 h6 22. Be4 Bg5 23. Bxg5 Qxg5 24. Qxg5 hxg5 25. Bf5 Rfd8 26. Kg2 g6 27. Bd3 Rc7 28. Rh1 Rdc8 29. h4 Nf6 30. Rce1 gxh4 31. Rxh4 Kg7 32. Reh1 Rc5 33. Be2 Ne4 34. Rh7+ Kf6 35. f3 Nc3 36. Bd3 Nxa2 37. g5+ Kxg5 38. Rxf7 R5c7 39. Rhh7 Rxf7 40. Rxf7 Nc1 41. Bc2 b5 42. Rg7 bxc4 43. Rxg6+ Kh5 44. bxc4 Rxc4 45. Bf5 Rf4 46. Bc2 e4 47. Rxd6 exf3+ 48. Kf2 1/2-1/2

[Event "Lazy op 12th"]
[Site "Lazy"]
[Date "2016.07.05"]
[Round "9"]
[White "Marczuk, Anna"]
[Black "Swicarz, Maciej"]
[Result "0-1"]
[WhiteElo "1931"]
[BlackElo "2292"]
[PlyCount "88"]
[EventDate "2016.06.26"]
[EventType "swiss"]
[EventRounds "9"]
[EventCountry "POL"]
[SourceTitle "CBM 173 Extra"]
[Source "ChessBase"]
[SourceDate "2016.08.29"]
[SourceVersion "1"]
[SourceVersionDate "2016.08.29"]
[SourceQuality "1"]

1. Nf3 c5 2. e4 e6 3. d4 cxd4 4. Nxd4 a6 5. Bd3 Bc5 6. Nb3 Ba7 7. 0-0 Nc6 8. Nc3 Nf6 9. Qe2 d6 10. Kh1 Qc7 11. Bd2 b5 12. Rae1 b4 13. Nd1 a5 14. c3 a4 15. Nc1 0-0 16. Ne3 a3 17. b3 Bxe3 18. Qxe3 Rb8 19. Ne2 Rd8 20. f4 e5 21. Rc1 Qe7 22. cxb4 Nxb4 23. Bxb4 Rxb4 24. Rc2 Bb7 25. Ng3 exf4 26. Qxf4 Nxe4 27. Nf5 Qg5 28. Bxe4 Qxf4 29. Rxf4 Rxe4 30. Rf1 Kf8 31. Rc7 Bd5 32. Ng3 Re7 33. Rxe7 Kxe7 34. Nf5+ Kf8 35. Rd1 Be6 36. Nd4 Rc8 37. h3 Ke7 38. Nb5 Rc2 39. Nxa3 Rxa2 40. Nb5 Bxb3 41. Rxd6 Bc4 42. Rb6 Bd5 43. Nc3 Bxg2+ 44. Kh2 Rc2 0-1

[Event "Lazy op 12th"]
[Site "Lazy"]
[Date "2016.06.28"]
[Round "3"]
[White "Marczuk, Anna"]
[Black "Korpalski, Maciej"]
[Result "0-1"]
[WhiteElo "1931"]
[BlackElo "1968"]
[PlyCount "102"]
[EventDate "2016.06.26"]
[EventType "swiss"]
[EventRounds "9"]
[EventCountry "POL"]
[SourceTitle "CBM 173 Extra"]
[Source "ChessBase"]
[SourceDate "2016.08.29"]
[SourceVersion "1"]
[SourceVersionDate "2016.08.29"]
[SourceQuality "1"]

1. e4 c5 2. Nf3 d6 3. d4 cxd4 4. Nxd4 Nf6 5. Nc3 a6 6. f3 e6 7. Be3 b5 8. Qd2 Nbd7 9. g4 Nb6 10. Bd3 Bb7 11. g5 Nfd7 12. h4 b4 13. Nce2 d5 14. exd5 Bxd5 15. Rf1 Ne5 16. b3 Bd6 17. 0-0-0 Bb7 18. f4 Nxd3+ 19. Qxd3 Nd5 20. Bd2 0-0 21. h5 a5 22. Kb1 a4 23. Rc1 Qa5 24. Rce1 Ba6 25. Qh3 Bxe2 26. Nxe2 axb3 27. Qxb3 Rfb8 28. Nc1 Bc5 29. g6 Nc3+ 30. Ka1 Bd4 31. gxf7+ Kf8 32. Bxc3 Bxc3+ 33. Kb1 Bxe1 34. Rxe1 Qxh5 35. Qxe6 Qxf7 36. Qd6+ Kg8 37. Re7 Qf5 38. Re5 Qf8 39. Qd5+ Qf7 40. Qd6 Rd8 41. Qc5 Qxf4 42. Re1 Rac8 43. Qb6 Qc4 44. Qf2 Qf7 45. Qg2 h5 46. Rf1 Qd5 47. Qg6 Rc6 48. Qg3 Qc4 49. Rf2 h4 50. Qg2 Rh6 51. Qg4 Qd5 0-1

[Event "POL-ch U18 Girls"]
[Site "Szklarska Poreba"]
[Date "2016.03.20"]
[Round "9"]
[White "Fraczek, Weronika"]
[Black "Marczuk, Anna"]
[Result "1/2-1/2"]
[WhiteElo "1825"]
[BlackElo "2041"]
[PlyCount "80"]
[EventDate "2016.03.13"]
[EventType "swiss"]
[EventRounds "9"]
[EventCountry "POL"]
[SourceTitle "EXT 2018"]
[Source "ChessBase"]
[SourceDate "2017.10.13"]
[SourceVersion "1"]
[SourceVersionDate "2017.10.13"]
[SourceQuality "1"]

1. e4 c5 2. Nf3 d6 3. Bb5+ Nc6 4. 0-0 Bd7 5. d4 cxd4 6. Nxd4 Rc8 7. c4 Nf6 8. Nc3 g6 9. Kh1 Bg7 10. Bxc6 Bxc6 11. f3 0-0 12. Qd3 a6 13. Be3 Nd7 14. b3 Ne5 15. Qd2 Qc7 16. Rac1 Rfe8 17. h3 Qb8 18. f4 Nd7 19. Nxc6 Rxc6 20. g4 e6 21. Ne2 Nc5 22. Ng3 Qd8 23. Rfd1 Qe7 24. Qf2 Rec8 25. g5 b5 26. Qd2 bxc4 27. Rxc4 Nb7 28. Rxc6 Rxc6 29. Rc1 Qc7 30. Kg2 Rxc1 31. Qxc1 Qxc1 32. Bxc1 Kf8 33. Kf3 Ke8 34. Ke3 Kd7 35. Ne2 Na5 36. Bd2 Nc6 37. Kd3 Kc7 38. Kc4 Kb6 39. Be3+ Kc7 40. Bd2 Kb6 1/2-1/2

[Event "Marienske Lazne op 15th"]
[Site "Marianske Lazne"]
[Date "2016.01.22"]
[Round "8"]
[White "Marczuk, Anna"]
[Black "Marczuk, Dominik"]
[Result "0-1"]
[WhiteElo "1979"]
[BlackElo "2277"]
[PlyCount "46"]
[EventDate "2016.01.16"]
[EventType "swiss"]
[EventRounds "9"]
[EventCountry "CZE"]
[SourceTitle "CBM 170 Extra"]
[Source "ChessBase"]
[SourceDate "2016.02.25"]
[SourceVersion "1"]
[SourceVersionDate "2016.02.25"]
[SourceQuality "1"]

1. Nf3 Nf6 2. g3 g6 3. Bg2 Bg7 4. 0-0 0-0 5. d3 d5 6. c4 c6 7. cxd5 cxd5 8. Nc3 Nc6 9. Bf4 d4 10. Ne4 Nxe4 11. dxe4 e5 12. Bg5 Qb6 13. b3 f5 14. Ne1 f4 15. gxf4 h6 16. Bh4 exf4 17. Nf3 Bg4 18. Rc1 Bxf3 19. Bxf3 g5 20. Bg3 Ne5 21. Bg2 fxg3 22. hxg3 d3 23. exd3 Rad8 0-1

[Event "Marienske Lazne op 15th"]
[Site "Marianske Lazne"]
[Date "2016.01.18"]
[Round "3"]
[White "Stigar, Petter"]
[Black "Marczuk, Anna"]
[Result "1-0"]
[WhiteElo "2254"]
[BlackElo "1979"]
[PlyCount "89"]
[EventDate "2016.01.16"]
[EventType "swiss"]
[EventRounds "9"]
[EventCountry "CZE"]
[SourceTitle "CBM 170 Extra"]
[Source "ChessBase"]
[SourceDate "2016.02.25"]
[SourceVersion "1"]
[SourceVersionDate "2016.02.25"]
[SourceQuality "1"]

1. d4 f5 2. Nf3 Nf6 3. g3 g6 4. Bg2 Bg7 5. 0-0 0-0 6. c4 d6 7. Nc3 e6 8. Re1 Ne4 9. Qc2 Nxc3 10. bxc3 e5 11. dxe5 dxe5 12. Ba3 Re8 13. e4 Nc6 14. exf5 Bxf5 15. Qb3 Rb8 16. Rad1 Qf6 17. Nd2 Bf8 18. Ne4 Bxe4 19. Bxe4 Bxa3 20. Qxa3 Rf8 21. Qc5 Rbd8 22. Bd5+ Kg7 23. Bxc6 bxc6 24. Rxd8 Rxd8 25. Qxe5 Qxe5 26. Rxe5 Rd3 27. Re7+ Kg8 28. Rxc7 Rxc3 29. Rxa7 Rxc4 30. a4 c5 31. Kf1 Rc2 32. Ke1 Ra2 33. a5 c4 34. a6 c3 35. Kd1 h5 36. h3 Kh8 37. f4 Kg8 38. g4 hxg4 39. hxg4 Kf8 40. f5 gxf5 41. gxf5 Kg8 42. Kc1 c2 43. f6 Kf8 44. Ra8+ Kf7 45. a7 1-0

[Event "Krakow op-A 26th"]
[Site "Krakow"]
[Date "2016.01.03"]
[Round "8"]
[White "Marczuk, Anna"]
[Black "Molenda, Marcin"]
[Result "1/2-1/2"]
[WhiteElo "1979"]
[BlackElo "2229"]
[PlyCount "55"]
[EventDate "2015.12.27"]
[EventType "swiss"]
[EventRounds "9"]
[EventCountry "POL"]
[SourceTitle "CBM 170 Extra"]
[Source "ChessBase"]
[SourceDate "2016.02.25"]
[SourceVersion "1"]
[SourceVersionDate "2016.02.25"]
[SourceQuality "1"]

1. e4 c5 2. Nf3 Nc6 3. Bb5 g6 4. 0-0 Bg7 5. c3 Nf6 6. Re1 0-0 7. d4 cxd4 8. cxd4 d5 9. e5 Nd7 10. Nc3 Nb6 11. h3 Bd7 12. b3 Qc8 13. Qd2 f6 14. Ba3 Re8 15. Bf1 Kh8 16. Rac1 Be6 17. exf6 exf6 18. Nb5 Qd7 19. Qf4 Bg8 20. Qd6 Rxe1 21. Rxe1 Qxd6 22. Nxd6 Bf8 23. Bc5 Bxd6 24. Bxd6 a6 25. Bd3 Bf7 26. Kf1 Re8 27. Rxe8+ Bxe8 28. Ke2 1/2-1/2

[Event "Krakow op-A 26th"]
[Site "Krakow"]
[Date "2015.12.30"]
[Round "4"]
[White "Marczuk, Anna"]
[Black "Dzierzak, Radoslaw"]
[Result "0-1"]
[WhiteElo "1979"]
[BlackElo "2203"]
[PlyCount "40"]
[EventDate "2015.12.27"]
[EventType "swiss"]
[EventRounds "9"]
[EventCountry "POL"]
[SourceTitle "CBM 170 Extra"]
[Source "ChessBase"]
[SourceDate "2016.02.25"]
[SourceVersion "1"]
[SourceVersionDate "2016.02.25"]
[SourceQuality "1"]

1. e4 c5 2. Nf3 e6 3. c3 d5 4. e5 d4 5. Bd3 Nc6 6. 0-0 Nge7 7. Re1 Ng6 8. Bxg6 hxg6 9. d3 Be7 10. Bf4 b6 11. c4 Bb7 12. Nbd2 g5 13. Bg3 g4 14. Nh4 Bxh4 15. Qxg4 Qg5 16. Qe2 Bxg3 17. fxg3 Nxe5 18. Qxe5 Qxd2 19. Re2 Qh6 20. h3 Qh5 0-1

[Event "POL-chT U19 46th"]
[Site "Ustron"]
[Date "2015.08.02"]
[Round "9.23"]
[White "Marczuk, Anna"]
[Black "Pastuszko, Kinga"]
[Result "0-1"]
[WhiteElo "1969"]
[BlackElo "1877"]
[PlyCount "80"]
[EventDate "2015.07.25"]
[EventType "team-tourn"]
[EventRounds "9"]
[EventCountry "POL"]
[SourceTitle "EXT 2018"]
[Source "ChessBase"]
[SourceDate "2017.10.13"]
[SourceVersion "1"]
[SourceVersionDate "2017.10.13"]
[SourceQuality "1"]
[WhiteTeam "Krakow KKSz U19"]
[BlackTeam "Warszawa Gulermak Polonia U19"]
[WhiteTeamCountry "POL"]
[BlackTeamCountry "POL"]

1. e4 e5 2. d4 exd4 3. Qxd4 Nc6 4. Qe3 Bb4+ 5. Bd2 Nf6 6. Nc3 0-0 7. 0-0-0 Re8 8. Qg3 Nxe4 9. Nxe4 Rxe4 10. Bg5 Be7 11. h4 d6 12. f3 Ra4 13. a3 Bf5 14. Ne2 Bxg5+ 15. hxg5 Qe7 16. f4 Qe4 17. Qd3 Qe6 18. Qd5 Qxd5 19. Rxd5 Bg4 20. Rh4 Bxe2 21. Bxe2 Ne7 22. Rd1 Ng6 23. Rh2 Rxf4 24. g3 Rf5 25. Rdh1 Rxg5 26. Rxh7 f6 27. Bd3 Kf7 28. Rd1 c6 29. Bc4+ d5 30. Ba2 Ne5 31. Rh4 Rxg3 32. c4 dxc4 33. Bxc4+ Nxc4 34. Rxc4 Re8 35. Rd7+ Re7 36. Rxe7+ Kxe7 37. Rb4 b5 38. a4 a5 39. Rd4 Rb3 40. Rg4 g5 0-1